000 00211 a2200097 4500
001 13474
100 _aOppenheim F
245 _adimensions of freedom
260 _aNew York
_bMacmillan
_c
090 _c10479
_d10479
942 _aNUST-CAE
_cM
_c535
999 _c248547
_d248547